[Event "GER-chT Betriebe 17th"]
[Site "Berlin"]
[Date "2017.11.03"]
[Round "4.3"]
[White "Voss, Ingo"]
[Black "Norris, Ray"]
[Result "1-0"]
[WhiteElo "2116"]
[BlackElo "1651"]
[PlyCount "63"]
[EventDate "2017.11.02"]
[EventType "team-swiss"]
[EventRounds "7"]
[EventCountry "GER"]
[SourceTitle "EXT 2020"]
[Source "ChessBase"]
[SourceDate "2019.10.17"]
[SourceVersion "1"]
[SourceVersionDate "2019.10.17"]
[SourceQuality "1"]
[WhiteTeam "Berlin Bayer"]
[BlackTeam "Berlin Telestern"]
[WhiteTeamCountry "GER"]
[BlackTeamCountry "GER"]

1. e4 b6 2. d4 Bb7 3. Nc3 e6 4. a3 Ne7 5. Nf3 g6 6. Bg5 Bg7 7. Qd2 h6 8. Be3 d6 9. Be2 Nd7 10. 0-0 g5 11. h3 f5 12. d5 fxe4 13. Nd4 Bxd4 14. dxe6 Be5 15. Bh5+ Kf8 16. exd7 Qxd7 17. Bd4 Nc6 18. Bxe5 Nxe5 19. Qd4 c5 20. Qe3 d5 21. Qg3 Qe7 22. f4 exf3 23. Bxf3 Kg7 24. Bxd5 Rae8 25. Rae1 Bxd5 26. Nxd5 Qd6 27. Nf6 Re6 28. Rd1 Qe7 29. Nd5 Qd6 30. Nf4 Nf3+ 31. Qxf3 Qxf4 32. Qc3+ 1-0

[Event "Seefeld op 19th"]
[Site "Seefeld"]
[Date "2008.09.12"]
[Round "8"]
[White "Voss, Ingo"]
[Black "Schnegg, Daniel"]
[Result "1-0"]
[WhiteElo "2138"]
[BlackElo "2090"]
[PlyCount "75"]
[EventDate "2008.09.05"]
[EventType "swiss"]
[EventRounds "9"]
[EventCountry "AUT"]
[SourceTitle "EXT 2019"]
[Source "ChessBase"]
[SourceDate "2018.10.10"]
[SourceVersion "1"]
[SourceVersionDate "2018.10.10"]
[SourceQuality "1"]

1. f4 e5 2. fxe5 d6 3. exd6 Bxd6 4. Nf3 g5 5. g3 g4 6. Nh4 Ne7 7. d4 Ng6 8. Nxg6 hxg6 9. Qd3 Nc6 10. c3 Bf5 11. e4 Qe7 12. Bg2 0-0-0 13. Bf4 Bxf4 14. gxf4 Rh3 15. Qe2 Re8 16. Nd2 Qh4+ 17. Kd1 Rxh2 18. Kc2 Qg3 19. Rxh2 Qxh2 20. Rf1 Kb8 21. Qf2 g3 22. Qf3 Bg4 23. Qxg4 Qxg2 24. Qf3 Qh2 25. Rh1 g2 26. Rxh2 g1Q 27. Rh1 Nxd4+ 28. cxd4 Qxd4 29. Qc3 Qa4+ 30. Kb1 a6 31. b3 Qb5 32. Rh8 Rxh8 33. Qxh8+ Ka7 34. Qd4+ c5 35. Qd6 Qb4 36. Kb2 a5 37. Nc4 a4 38. Qd2 1-0

[Event "Seefeld op 19th"]
[Site "Seefeld"]
[Date "2008.09.08"]
[Round "4"]
[White "Voss, Ingo"]
[Black "Werner, Bernd"]
[Result "1/2-1/2"]
[WhiteElo "2138"]
[BlackElo "1955"]
[PlyCount "56"]
[EventDate "2008.09.05"]
[EventType "swiss"]
[EventRounds "9"]
[EventCountry "AUT"]
[SourceTitle "EXT 2010"]
[Source "ChessBase"]
[SourceDate "2010.11.25"]
[SourceVersion "1"]
[SourceVersionDate "2010.11.25"]
[SourceQuality "1"]

1. e4 e6 2. d4 d5 3. Nc3 Bb4 4. exd5 exd5 5. Bd3 Nf6 6. Bg5 h6 7. Bh4 0-0 8. Nge2 Re8 9. Qd2 c6 10. 0-0-0 Be6 11. f4 Bg4 12. Rde1 Bxe2 13. Rxe2 Rxe2 14. Qxe2 Nbd7 15. g4 Qc7 16. Qf3 Bxc3 17. bxc3 Re8 18. g5 Ne4 19. gxh6 Qd6 20. Qg4 g6 21. Re1 Qa3+ 22. Kd1 Nxc3+ 23. Kd2 Rxe1 24. Bxe1 Nf6 25. Qc8+ Kh7 26. Qxb7 Nfe4+ 27. Bxe4 Nxe4+ 28. Ke2 Kxh6 1/2-1/2

[Event "GER-chT Betriebe"]
[Site "Berlin"]
[Date "2006.10.08"]
[Round "7.2"]
[White "Schulz, Michael"]
[Black "Voss, Ingo"]
[Result "1-0"]
[WhiteElo "2247"]
[BlackElo "2165"]
[PlyCount "55"]
[EventDate "2006.10.05"]
[EventType "team-tourn"]
[EventRounds "7"]
[EventCountry "GER"]
[SourceTitle "EXT 2020"]
[Source "ChessBase"]
[SourceDate "2019.10.17"]
[SourceVersion "1"]
[SourceVersionDate "2019.10.17"]
[SourceQuality "1"]
[WhiteTeam "Augsburg Osram"]
[BlackTeam "Schering SG"]
[WhiteTeamCountry "GER"]
[BlackTeamCountry "GER"]

1. d4 d5 2. Bg5 Nf6 3. Bxf6 exf6 4. e3 c6 5. c4 Qa5+ 6. Nc3 Bb4 7. Qb3 Be6 8. a3 Bxc3+ 9. bxc3 Nd7 10. c5 b6 11. Qb4 Qxb4 12. axb4 0-0 13. Ba6 bxc5 14. dxc5 Rab8 15. Ne2 Ne5 16. Nd4 Bd7 17. h3 Rfe8 18. 0-0 Re7 19. Ra2 Be8 20. Nf5 Rc7 21. Nd6 Kf8 22. Rfa1 Ke7 23. f4 Nd7 24. Bd3 Ra8 25. e4 g6 26. exd5 cxd5 27. Re1+ Kf8 28. Rae2 1-0

[Event "GER-chT Betriebe"]
[Site "Berlin"]
[Date "2006.10.05"]
[Round "2.3"]
[White "Voss, Ingo"]
[Black "Muse, Drazen"]
[Result "0-1"]
[WhiteElo "2165"]
[BlackElo "2418"]
[PlyCount "54"]
[EventDate "2006.10.05"]
[EventType "team-tourn"]
[EventRounds "7"]
[EventCountry "GER"]
[SourceTitle "EXT 2007"]
[Source "ChessBase"]
[SourceDate "2006.11.23"]
[SourceVersion "1"]
[SourceVersionDate "2006.11.23"]
[SourceQuality "1"]
[WhiteTeam "Schering SG"]
[BlackTeam "Gillette"]
[WhiteTeamCountry "GER"]
[BlackTeamCountry "GER"]

1. e4 d5 2. exd5 Qxd5 3. Nc3 Qd6 4. d4 Nf6 5. Nf3 c6 6. Bd3 Bg4 7. Be3 Nbd7 8. h3 Bh5 9. g4 Bg6 10. Bxg6 hxg6 11. Ng5 Nb6 12. Qf3 Qb4 13. 0-0 e6 14. Rab1 Be7 15. Nce4 0-0 16. b3 Nxe4 17. Nxe4 f5 18. Nc5 Bxc5 19. dxc5 Nd7 20. Qe2 fxg4 21. hxg4 Qe4 22. f3 Qe5 23. Qf2 Qf6 24. Bd4 e5 25. Be3 Qe6 26. Rbd1 Nf6 27. Qg3 Nd5 0-1

[Event "Seefeld op 15th"]
[Site "Seefeld"]
[Date "2004.09.24"]
[Round "7"]
[White "Joppien, Arne"]
[Black "Voss, Ingo"]
[Result "1-0"]
[WhiteElo "2081"]
[BlackElo "2165"]
[PlyCount "103"]
[EventDate "2004.09.18"]
[EventType "swiss"]
[EventRounds "9"]
[EventCountry "AUT"]
[SourceTitle "EXT 2005"]
[Source "ChessBase"]
[SourceDate "2004.11.15"]
[SourceVersion "1"]
[SourceVersionDate "2004.11.15"]
[SourceQuality "1"]

1. d4 f5 2. c4 Nf6 3. Nc3 g6 4. g3 Bg7 5. Bg2 0-0 6. Nf3 d6 7. d5 a5 8. 0-0 Na6 9. Nd4 Bd7 10. b3 Qe8 11. Bb2 c6 12. e3 Nc7 13. Qc2 c5 14. Nde2 Ng4 15. h3 Ne5 16. f4 Nf7 17. Kh2 Rb8 18. Nd1 Bxb2 19. Nxb2 e5 20. dxe6 Qxe6 21. Qd2 Bc6 22. Nc3 Bxg2 23. Kxg2 b6 24. Rae1 Rbd8 25. e4 Qf6 26. Nba4 Rb8 27. exf5 gxf5 28. Re2 b5 29. cxb5 Nxb5 30. Nd5 Qd4 31. Ne7+ Kh8 32. Nxf5 Qxd2 33. Rxd2 Rfe8 34. Rf3 Re4 35. Nc3 Nxc3 36. Rxc3 Rb6 37. Kf3 Re6 38. Re3 Rxe3+ 39. Kxe3 Kg8 40. Ke4 a4 41. bxa4 Rb4+ 42. Kd5 Rxa4 43. Kc6 h5 44. h4 Kh7 45. Nxd6 Nxd6 46. Rxd6 Rxa2 47. Kxc5 Ra3 48. Rd5 Kg6 49. Rg5+ Kf6 50. Kd5 Ra8 51. Ke4 Rh8 52. f5 1-0

[Event "Seefeld op 14th"]
[Site "Seefeld"]
[Date "2003.09.20"]
[Round "8"]
[White "Voss, Ingo"]
[Black "Kreusch, Frank"]
[Result "1-0"]
[WhiteElo "2185"]
[BlackElo "2059"]
[PlyCount "21"]
[EventDate "2003.09.13"]
[EventType "swiss"]
[EventRounds "9"]
[EventCountry "AUT"]
[SourceTitle "CBM 097 Extra"]
[Source "ChessBase"]
[SourceDate "2004.01.13"]
[SourceVersion "1"]
[SourceVersionDate "2004.01.13"]
[SourceQuality "1"]

1. e4 d5 2. exd5 Nf6 3. d4 Bg4 4. Nf3 Nxd5 5. c4 Nb6 6. c5 Nd5 7. Qb3 b6 8. Ne5 Be6 9. Bb5+ c6 10. Nxc6 Qc8 11. Nxa7+ 1-0

[Event "Seefeld op 09th"]
[Site "Seefeld"]
[Date "1998.??.??"]
[Round "7"]
[White "Nachtkamp, Herbert"]
[Black "Voss, Ingo"]
[Result "1/2-1/2"]
[WhiteElo "2105"]
[BlackElo "2205"]
[PlyCount "45"]
[EventDate "1998.09.12"]
[EventType "swiss"]
[EventRounds "9"]
[EventCountry "AUT"]
[SourceTitle "EXT 2000"]
[Source "ChessBase"]
[SourceDate "1999.11.16"]
[SourceVersion "1"]
[SourceVersionDate "1999.11.16"]
[SourceQuality "1"]

1. d4 d5 2. Nf3 Nf6 3. e3 Bf5 4. Bd3 Bxd3 5. Qxd3 c6 6. Nbd2 e6 7. e4 Be7 8. 0-0 0-0 9. Re1 dxe4 10. Nxe4 Nxe4 11. Qxe4 Nd7 12. b3 Qb6 13. Bb2 a5 14. c4 a4 15. Re3 axb3 16. Rxb3 Qc7 17. d5 Nf6 18. Bxf6 Bxf6 19. Rab1 cxd5 20. cxd5 exd5 21. Qxd5 Rxa2 22. Rxb7 Qc2 23. Rf1 1/2-1/2

[Event "Seefeld op 09th"]
[Site "Seefeld"]
[Date "1998.??.??"]
[Round "1"]
[White "Rantner, Otto"]
[Black "Voss, Ingo"]
[Result "1/2-1/2"]
[WhiteElo "1800"]
[BlackElo "2205"]
[PlyCount "38"]
[EventDate "1998.09.12"]
[EventType "swiss"]
[EventRounds "9"]
[EventCountry "AUT"]
[SourceTitle "EXT 2000"]
[Source "ChessBase"]
[SourceDate "1999.11.16"]
[SourceVersion "1"]
[SourceVersionDate "1999.11.16"]
[SourceQuality "1"]

1. Nf3 d5 2. g3 Bf5 3. d3 Nd7 4. a3 e5 5. Bg2 Ngf6 6. Nbd2 c6 7. b4 a5 8. Bb2 Qc7 9. c3 Bd6 10. 0-0 Qb6 11. Nb3 axb4 12. cxb4 0-0 13. Rc1 Rfe8 14. e3 h6 15. Re1 Bg4 16. e4 d4 17. Nbd2 Qc7 18. h3 Bxf3 19. Bxf3 Nb6 1/2-1/2

[Event "Berliner Sommer 14th"]
[Site "Berlin"]
[Date "1996.??.??"]
[Round "3"]
[White "Voss, Ingo"]
[Black "Rabiega, Robert"]
[Result "0-1"]
[WhiteElo "2225"]
[BlackElo "2475"]
[PlyCount "64"]
[EventDate "1996.08.??"]
[EventType "swiss"]
[EventRounds "9"]
[EventCountry "GER"]
[SourceTitle "CBM 054 Extra"]
[Source "ChessBase"]
[SourceDate "1996.11.01"]
[SourceVersion "1"]
[SourceVersionDate "1996.11.01"]
[SourceQuality "1"]

1. f4 d5 2. b3 e5 3. fxe5 Qh4+ 4. g3 Qd4 5. Nc3 Qxe5 6. Nf3 Qh5 7. Bb2 Nf6 8. Bg2 c6 9. e3 Bd6 10. Ne2 Bg4 11. 0-0 Nbd7 12. Nf4 Qh6 13. c4 0-0 14. Qc2 Bxf4 15. gxf4 Qh5 16. Ne5 Nxe5 17. Bxe5 Bf5 18. Qd1 Qg6 19. Bxf6 Qxf6 20. cxd5 cxd5 21. Bxd5 Rad8 22. Bf3 Rfe8 23. Re1 Bd3 24. Kh1 Rc8 25. Bxb7 Rc2 26. Rc1 Rxa2 27. Rc3 Rd8 28. Bg2 Bf5 29. d4 Qg6 30. Bf3 Be4 31. Rg1 Qh5 32. Rxg7+ Kh8 0-1

[Event "Berliner Sommer 13th"]
[Site "Berlin"]
[Date "1995.??.??"]
[Round "2"]
[White "Voss, Ingo"]
[Black "Zontakh, Andrey"]
[Result "0-1"]
[WhiteElo "2250"]
[BlackElo "2460"]
[PlyCount "59"]
[EventDate "1995.08.??"]
[EventType "swiss"]
[EventRounds "9"]
[EventCountry "GER"]
[SourceTitle "CBM 047 Extra"]
[Source "ChessBase"]
[SourceDate "1995.09.01"]
[SourceVersion "1"]
[SourceVersionDate "1995.09.01"]
[SourceQuality "1"]

1. d4 d5 2. Nc3 c6 3. Nf3 Nf6 4. g3 g6 5. Bg2 Bg7 6. 0-0 0-0 7. Ne5 Bf5 8. e3 Ne4 9. Nxe4 Bxe4 10. f3 Bf5 11. g4 Bc8 12. f4 Nd7 13. Rb1 Qc7 14. Kh1 Nxe5 15. fxe5 f6 16. exf6 exf6 17. e4 dxe4 18. Bxe4 Be6 19. c3 Rae8 20. Bf4 Qd7 21. Bf3 Bd5 22. Kg2 g5 23. Bg3 f5 24. gxf5 Bc4 25. Re1 Qxf5 26. Rxe8 Rxe8 27. b3 Bd5 28. Bxd5+ Qxd5+ 29. Qf3 Re2+ 30. Bf2 0-1